The anti-capitalist dictionary : movements, histories & motivations /

Bibliographic Details
Main Author: Lowes, David E., 1962-
Format: Book
Language:English
Published: Nova Scotia : Kuala Lumpur : London ; New York : Fernwood ; SIRD ; Zed Books ; 2006.
Subjects:
Online Access:Contributor biographical information
Publisher description
Table of contents

MARC

Tag First Indicator Second Indicator Subfields
LEADER 00000cam a22000004a 4500
001 in00002174721
005 20151104061720.0
008 060329s2006 nsc bd 001 0 eng
010 |a  2006041824 
020 |a 1842776827 (hb : Zed) 
020 |a 1842776835 (pb : Zed) 
020 |a 9832535808 (pb : SIRD) 
024 3 |a 9781842776827 (hb : Zed) 
024 3 |a 9781842776834 (pb : Zed) 
035 |a (OCoLC)ocm65521569 
040 |a DLC  |c DLC  |d C#P  |d BAKER  |d UtOrBLW 
042 |a pcc 
049 |a TXAM 
050 0 0 |a HB61  |b .L66 2006 
082 0 0 |a 330.03  |2 22 
100 1 |a Lowes, David E.,  |d 1962- 
245 1 4 |a The anti-capitalist dictionary :  |b movements, histories & motivations /  |c David E. Lowes. 
264 1 |a Nova Scotia :  |b Fernwood ;  |a Kuala Lumpur :  |b SIRD ;  |a London ;  |a New York :  |b Zed Books ;  |c 2006. 
264 2 |a New York :  |b Distributed in the USA exclusively by Palgrave Macmillan, 
300 |a x, 310 pages ;  |c 24 cm. 
336 |a text  |b txt  |2 rdacontent 
337 |a unmediated  |b n  |2 rdamedia 
338 |a volume  |b nc  |2 rdacarrier 
504 |a Includes bibliographical references (pages 293-305) and index. 
650 0 |a Economics  |v Dictionaries. 
650 0 |a Capitalism  |v Dictionaries. 
650 0 |a Business  |v Dictionaries. 
650 0 |a Anti-globalization movement  |v Dictionaries. 
856 4 2 |3 Contributor biographical information  |u http://www.loc.gov/catdir/enhancements/fy0634/2006041824-b.html  |t 0 
856 4 2 |3 Publisher description  |u http://www.loc.gov/catdir/enhancements/fy0634/2006041824-d.html  |t 0 
856 4 1 |3 Table of contents  |u http://www.loc.gov/catdir/enhancements/fy0634/2006041824-t.html  |t 0 
938 |a Baker & Taylor  |b BKTY  |c 80.00  |d 80.00  |i 1842776827  |n 0006690960  |s active 
938 |a Baker & Taylor  |b BKTY  |c 25.00  |d 25.00  |i 1842776835  |n 0006687165  |s active 
945 |i PromptCat 
947 |a A14834351139 
948 |a cataloged  |b h  |c 2006/8/8  |d c  |e achopde  |f 12:53:37 pm 
994 |a 92  |b TXA 
999 |a MARS 
999 f f |s 37544e2c-1b9b-3300-9082-d4b1e9e876a0  |i 3b2d9974-1bae-34bd-8fd0-17675bd01b9a  |t 0 
952 f f |p ric  |a Texas A&M University  |b Rellis Campus  |c Joint Library Facility  |d Remote Storage  |t 0  |e HB61 .L66 2006  |h Library of Congress classification  |i unmediated -- volume  |m A14834351139 
998 f f |a HB61 .L66 2006  |t 0  |l Remote Storage